[Event "oeism u12_Gilrs_Blitz"]
[Site "austriaU12girls"]
[Date "2020.12.11"]
[Round "7"]
[White "Jaguarjungle"]
[Black "chessellis"]
[Result "0-1"]
[WhiteElo "1351"]
[BlackElo "1615"]
[Annotator "NA RC"]
[PlyCount "130"]
[EventDate "2020.12.11"]
[EventType "blitz"]

1. e4 {[%emt 0:00:17]} c5 {[%emt 0:00:02]} 2. Nf3 {[%emt 0:00:02]} d6 {[%emt 0:00:01]} 3. Nc3 {[%emt 0:00:02]} Nf6 {[%emt 0:00:01]} 4. Bc4 {[%emt 0:00:02]} g6 {[%emt 0:00:03]} 5. Ng5 {[%emt 0:00:03]} Bg7 {[%emt 0:00:05]} 6. Nxf7 {[%emt 0:00:02]} Qb6 {[%emt 0:00:10]} 7. Nxh8 {[%emt 0:00:09]} Bxh8 {[%emt 0:00:02]} 8. O-O {[%emt 0:00:03]} Bg4 {[%emt 0:00:08]} 9. Qe1 {[%emt 0:00:15]} Nc6 {[%emt 0:00:06]} 10. d3 {[%emt 0:00:03]} O-O-O {[%emt 0:00:03]} 11. b3 {[%emt 0:00:02]} Nd7 {[%emt 0:00:06]} 12. Bf4 {[%emt 0:00:02]} Qb4 {[%emt 0:00:05]} 13. h3 {[%emt 0:00:05]} Bxc3 {[%emt 0:00:06]} 14. Qe3 {[%emt 0:00:08]} Bxa1 {[%emt 0:00:05]} 15. Rxa1 {[%emt 0:00:00]} Qc3 {[%emt 0:00:16]} 16. Rc1 {[%emt 0:00:06]} Bh5 {[%emt 0:00:06]} 17. Bd5 {[%emt 0:00:10]} Nb4 {[%emt 0:00:10]} 18. Bg5 {[%emt 0:00:15]} Nxd5 {[%emt 0:00:06]} 19. exd5 {[%emt 0:00:03]} Re8 {[%emt 0:00:05]} 20. Bxe7 {[%emt 0:00:05]} Qe5 {[%emt 0:00:08]} 21. Qxe5 {[%emt 0:00:10]} dxe5 {[%emt 0:00:01]} 22. Bd6 {[%emt 0:00:02]} g5 {[%emt 0:00:08]} 23. Re1 {[%emt 0:00:04]} Bg6 {[%emt 0:00:04]} 24. c3 {[%emt 0:00:05]} Nb6 {[%emt 0:00:03]} 25. d4 {[%emt 0:00:08]} Nxd5 {[%emt 0:00:05]} 26. dxe5 {[%emt 0:00:07]} Nxc3 {[%emt 0:00:08]} 27. Bxc5 {[%emt 0:00:05]} Nb5 {[%emt 0:00:05]} 28. e6 {[%emt 0:00:04]} Nc7 {[%emt 0:00:03]} 29. e7 {[%emt 0:00:04]} Nd5 {[%emt 0:00:07]} 30. Re5 {[%emt 0:00:05]} Nc7 {[%emt 0:00:08]} 31. Bxa7 {[%emt 0:00:07]} Kd7 {[%emt 0:00:05]} 32. Bb6 {[%emt 0:00:05]} Na8 {[%emt 0:00:06]} 33. Be3 {[%emt 0:00:08]} Rxe7 {[%emt 0:00:02]} 34. Rxe7+ {[%emt 0:00:13]} Kxe7 {[%emt 0:00:00]} 35. Bxg5+ {[%emt 0:00:01]} Kf7 {[%emt 0:00:03]} 36. g4 {[%emt 0:00:03]} Nb6 {[%emt 0:00:03]} 37. Be3 {[%emt 0:00:01]} Nd5 {[%emt 0:00:03]} 38. Bd4 {[%emt 0:00:03]} Nf4 {[%emt 0:00:05]} 39. Kh2 {[%emt 0:00:05]} Bb1 {[%emt 0:00:06]} 40. Kg3 {[%emt 0:00:00]} Ne2+ {[%emt 0:00:02]} 41. Kf3 {[%emt 0:00:03]} Nxd4+ {[%emt 0:00:01]} 42. Ke3 {[%emt 0:00:03]} Nc2+ {[%emt 0:00:05]} 43. Kd2 {[%emt 0:00:09]} Nb4 {[%emt 0:00:01]} 44. a3 {[%emt 0:00:03]} Nd5 {[%emt 0:00:05]} 45. b4 {[%emt 0:00:03]} Be4 {[%emt 0:00:04]} 46. b5 {[%emt 0:00:02]} Nc7 {[%emt 0:00:07]} 47. b6 {[%emt 0:00:03]} Nd5 {[%emt 0:00:01]} 48. a4 {[%emt 0:00:03]} Nxb6 {[%emt 0:00:02]} 49. a5 {[%emt 0:00:00]} Nc4+ {[%emt 0:00:02]} 50. Kc3 {[%emt 0:00:02]} Nxa5 {[%emt 0:00:01]} 51. Kd4 {[%emt 0:00:02]} Bg2 {[%emt 0:00:02]} 52. Ke3 {[%emt 0:00:02]} Bxh3 {[%emt 0:00:02]} 53. Kf4 {[%emt 0:00:02]} b5 {[%emt 0:00:03]} 54. f3 {[%emt 0:00:02]} b4 {[%emt 0:00:03]} 55. g5 {[%emt 0:00:00]} b3 {[%emt 0:00:04]} 56. g6+ {[%emt 0:00:05]} hxg6 {[%emt 0:00:02]} 57. Kg3 {[%emt 0:00:00]} Bf5 {[%emt 0:00:04]} 58. f4 {[%emt 0:00:02]} b2 {[%emt 0:00:02]} 59. Kh4 {[%emt 0:00:01]} b1=Q {[%emt 0:00:04]} 60. Kg5 {[%emt 0:00:02]} Qg1+ {[%emt 0:00:03]} 61. Kh6 {[%emt 0:00:00]} g5 {[%emt 0:00:11]} 62. Kh5 {[%emt 0:00:03]} Qg4+ {[%emt 0:00:05]} 63. Kh6 {[%emt 0:00:02]} Qh3+ {[%emt 0:00:04]} 64. Kxg5 {[%emt 0:00:02]} Qg4+ {[%emt 0:00:03]} 65. Kh6 {[%emt 0:00:02]} Qh4# {[%emt 0:00:02] Mate Mate} 0-1